| 000 | 00453nam a2200157 a 4500 | ||
|---|---|---|---|
| 005 | 20140310183340.0 | ||
| 008 | 070410s19uu xx 00 eng d | ||
| 020 | _a1858286107 | ||
| 050 |
_aPF 3121 _b.G373 1999 |
||
| 245 |
_aGerman : _ba rough guide dictionary phrasebook / |
||
| 260 |
_aNew York, U.S.A : _bPenguin Books, Ltd, _c1999. |
||
| 300 |
_a255 p. : _c15 cm. |
||
| 650 |
_aGerman language _xdictionaries. |
||
| 942 |
_cBK _2lcc |
||
| 999 |
_c21797 _d21797 |
||